000 00727nam a22002177a 4500
003 UA-OsUOA
001 111839
007 ta
008 20150608b un ||||| |||| 00| 0 ukr d
100 _aПанькова Н.
090 _a81
_bП16
942 _cSA
040 _aUA-OsUOA
_bukr
_cUA-OsUOA
_dUA-OsUOA
245 _aІнтерактивне навчання на уроках української мови та літератури
300 _aС.28-64
955 _a0
041 _aukr
080 _a81
773 0 _w111837
_tУкраїнська мова та література
_dК.
_d2015
_g10
650 7 _a8 Мовознавство. Художня література. Літературознавство
_2UDC
999 _c397992
_d397992